Optionsscheine als Anlagealternative

Salvato in:
Dettagli Bibliografici
Autore principale: Weger, Gerd
Natura: Libro
Lingua:tedesco
Pubblicazione: Wiesbaden Gabler 1985
Edizione:1. Aufl.
Serie:Schriftenreihe die Bankgeschäfte
Soggetti:
Tags: Aggiungi Tag
Nessun Tag, puoi essere il primo ad aggiungerne!!

MARC

LEADER 00000nam a2200000 4500
001 c006293
005 20221207073954.6
020 |a 3-409-14100-6 
041 0 |a ger 
044 |a DE 
245 1 0 |a Optionsscheine als Anlagealternative  |c Gerd Weger 
250 |a 1. Aufl. 
264 1 |a Wiesbaden  |b Gabler  |c 1985 
300 |a 261 s. 
490 1 |a Schriftenreihe die Bankgeschäfte 
830 0 |a Schriftenreihe die Bankgeschäfte 
610 2 0 |a opcie 
610 2 0 |a investície 
610 2 0 |a certifikáty depozitné 
610 2 0 |a obligácie 
610 2 0 |a obchody opčné 
610 2 0 |a kurz burzový 
610 2 0 |a financovanie 
610 2 0 |a oceňovanie ekonomické 
610 2 0 |a modely 
100 1 |a Weger, Gerd